Top 20 Words Starting With M - Statistics

General Stats
  • This quiz has been taken 1,722 times
  • The average score is 11 of 20
Answer Stats
rank letters word % Correct
6 2 me
98%
4 3 man
88%
1 2 my
88%
3 4 more
79%
2 4 make
75%
8 4 most
72%
5 3 may
71%
9 4 made
66%
13 4 must
57%
7 4 mean
56%
16 5 might
52%
11 4 many
50%
18 6 mother
50%
14 4 move
46%
10 4 much
40%
17 4 mind
37%
12 5 money
31%
19 5 month
20%
20 7 million
11%
15 6 member
7%
No matching quizzes found
Score Distribution
Percent of People with Each Score
Percentile by Number Answered
Your Score History
You have not taken this quiz